All Bosses In The Battle Bricks (Main Chapters) - Statistics

General Stats
  • This quiz has been taken 15 times
  • The average score is 27 of 29
Answer Stats
Hint Answer % Correct
CHESSMASTER Bishop
100%
TALENT SHOW (Tumore) Blackmail
100%
GALLEONS (Tumore) Bulldozer
100%
TEAPOTS OF UTOPIA Cesus
100%
DOOMSPIRE BRICKBATTLE (Tumore) Deathbringer
100%
DISCO PARTY DJ Radical
100%
HAUNTED MANSION Doctor Bright
100%
DOOMSPIRE BRICKBATTLE Doombringer
100%
AREA 51 Exec
100%
ROCKET ARENA (Tumore) Hellfighter
100%
ON THE HEIGHTS (Tumore) Infernus
100%
TALENT SHOW Insecure
100%
ROCKET ARENA Jetrock
100%
CHESSMASTER King
100%
BLADED VENGENCE Martyr
100%
CHESSMASTER Monsalt
100%
ULTIMATE PAINTBALL Paintmaster
100%
GALLEONS Redbeard
100%
CHESSMASTER Rook
100%
ULTIMATE PAINTBALL (Tumore) Terminator
100%
ON THE HEIGHTS Turking
100%
TEAPOTS OF UTOPIA (Tumore) Chronos
86%
HAUNTED MANSION (Tumore) Mister Mancer
86%
DISCO PARTY (Tumore) Rockstar Radical
86%
AREA 51 (Tumore) X-TREME
86%
TEAPOTS OF UTOPIA (Tumore) Cross
71%
TALENT SHOW (Tumore) Melvin
71%
CHESSMASTER (Tumore) Monolith
71%
BLADED VENGENCE (Tumore) Rein-bo
71%
No matching quizzes found
Score Distribution
Percent of People with Each Score
Percentile by Number Answered
Your Score History
You have not taken this quiz